000 00596nam a2200217Ia 4500
003 OSt
005 20220927104829.0
006 a|||||r|||| 00| 0
007 ta
008 220926b |||||||| |||| 00| 0 eng d
024 _a158823
037 _cReference Collections
040 _aRTL
_cRTL
_beng
041 _2eng
_aeng
082 _a"X71.44.N96, N6"
245 0 _aDemands for grants of central goverment 1996-97
260 _aNew
_bDelhi
_c1996
300 _a253p
_ccm.
942 _h"X71.44.N96, N6"
_cCC
999 _c688913
_d688913